<?xml version="1.0" encoding="UTF-8"?>
<record
    xmlns:xsi="http://www.w3.org/2001/XMLSchema-instance"
    xsi:schemaLocation="http://www.loc.gov/MARC21/slim http://www.loc.gov/standards/marcxml/schema/MARC21slim.xsd"
    xmlns="http://www.loc.gov/MARC21/slim">

  <leader>01281nam a22001817a 4500</leader>
  <controlfield tag="003">MNHYUT</controlfield>
  <controlfield tag="005">20220326193247.0</controlfield>
  <controlfield tag="008">140329b        xxu||||| |||| 00| 0 eng d</controlfield>
  <datafield tag="020" ind1=" " ind2=" ">
    <subfield code="a">8493423602</subfield>
  </datafield>
  <datafield tag="040" ind1=" " ind2=" ">
    <subfield code="c">#HG64678</subfield>
  </datafield>
  <datafield tag="082" ind1=" " ind2=" ">
    <subfield code="a">704</subfield>
    <subfield code="b">IZ98a</subfield>
  </datafield>
  <datafield tag="110" ind1=" " ind2=" ">
    <subfield code="a">Lisson Gallery y distrito cu4tro Galer&#xED;a de Arte</subfield>
    <subfield code="9">222</subfield>
  </datafield>
  <datafield tag="245" ind1=" " ind2=" ">
    <subfield code="a">Art&amp;Language</subfield>
    <subfield code="b">Writings</subfield>
  </datafield>
  <datafield tag="260" ind1=" " ind2=" ">
    <subfield code="a">Spain</subfield>
    <subfield code="b">Lisson Gallery y distrito cu4tro Galer&#xED;a de Arte</subfield>
    <subfield code="c">2005</subfield>
  </datafield>
  <datafield tag="300" ind1=" " ind2=" ">
    <subfield code="a">299 p.</subfield>
    <subfield code="b">ill (col)</subfield>
    <subfield code="c">21 cm</subfield>
  </datafield>
  <datafield tag="505" ind1=" " ind2=" ">
    <subfield code="t">Introduction: The 'Black Debt': Art &amp; Language's Writings</subfield>
    <subfield code="t">Portrait of V. I. Lenin</subfield>
    <subfield code="t">Kangaroo?</subfield>
    <subfield code="t">Manet's 'Olympia' and Contradiction</subfield>
    <subfield code="t">Letters to a canadian curator</subfield>
    <subfield code="t">Painting by Mouth</subfield>
    <subfield code="t">A souvenir of Documenta 7</subfield>
    <subfield code="t">Art et Language aints a pinture</subfield>
    <subfield code="t">Victorine</subfield>
    <subfield code="t">Failed town planning</subfield>
    <subfield code="t">To say of a painting that it is a fake...</subfield>
    <subfield code="t">Informed spectators</subfield>
    <subfield code="t">Tales from the pit</subfield>
    <subfield code="t">David: unsightly scenes</subfield>
    <subfield code="t">Seeing paintings and paintings' seeing</subfield>
    <subfield code="t">We aim to be amateurs</subfield>
    <subfield code="t">Moti memoria</subfield>
    <subfield code="t">Making meaningless</subfield>
    <subfield code="t">Art et Language and the Jackson Pollock bar</subfield>
    <subfield code="t">Postscript: wrong healed in official hope</subfield>
    <subfield code="t">Roma reason</subfield>
    <subfield code="t">Interview: The too dark to read exhibition; Joelles Pijaudier-Cabot with Art et Language, installed in the style of the Jackson Pollock bar</subfield>
    <subfield code="t">Almost too dark to see</subfield>
  </datafield>
  <datafield tag="650" ind1=" " ind2=" ">
    <subfield code="x">Arte-Teor&#xED;a</subfield>
    <subfield code="x">Ensayos</subfield>
    <subfield code="x">Arte Conceptual</subfield>
    <subfield code="9">223</subfield>
  </datafield>
  <datafield tag="999" ind1=" " ind2=" ">
    <subfield code="c">35</subfield>
    <subfield code="d">35</subfield>
  </datafield>
  <datafield tag="952" ind1=" " ind2=" ">
    <subfield code="0">0</subfield>
    <subfield code="1">0</subfield>
    <subfield code="2">ddc</subfield>
    <subfield code="4">0</subfield>
    <subfield code="7">0</subfield>
    <subfield code="a">LV</subfield>
    <subfield code="b">LV</subfield>
    <subfield code="c">Pensamiento</subfield>
    <subfield code="d">2014-03-29</subfield>
    <subfield code="l">0</subfield>
    <subfield code="o">704 IZ98a</subfield>
    <subfield code="p">000005</subfield>
    <subfield code="r">2014-03-29 00:00:00</subfield>
    <subfield code="w">2014-03-29</subfield>
    <subfield code="y">01</subfield>
  </datafield>
</record>
